Metodología de la investigación

Gardado en:
Detalles Bibliográficos
Main Authors: Hernández Sampieri, Roberto (autor), Fernández Collado, Carlos (Author), Baptista Lucio, María del Pilar (Author)
Formato: Libro
Idioma:Lingua castelá
Publicado: Ciudad de México McGraw Hill 2014
Edición:6a. edición
Subjects:
Acceso en liña:Disponible Online
Tags: Engadir etiqueta
Sen Etiquetas, Sexa o primeiro en etiquetar este rexistro!

MARC

LEADER 00000cam a2200000 a 4500
001 UCE8942
003 CL-VaPUC
005 20241016100414.0
008 150911e20140000mx |||||||||||||||||spa|d
999 |c 360699  |d 360697 
020 |a 9781456223960 
040 |c Pontificia Universidad Católica de Valparaíso 
082 0 4 |a 001.42 HER 2014  |2 21 
100 |a Hernández Sampieri, Roberto  |e autor  |9 581658 
245 1 0 |a Metodología de la investigación 
250 |a 6a. edición  
260 |a Ciudad de México  |b McGraw Hill  |c 2014 
300 |a 600 p 
583 |a last modification  |c 20181120 01:44:54  |k Rodrigo Vera 
650 0 |a Investigación cualitativa  |9 389535 
650 0 |a Investigación  |9 257811 
650 0 |a Investigación cuantitativa  |9 550972 
650 0 |a Metodología   |9 256610 
700 0 |a Fernández Collado, Carlos  |e author  |9 581659 
700 0 |a Baptista Lucio, María del Pilar  |e author  |9 581660 
852 |a BIBCUR 
856 |u https://bibliografiadigital.pucv.cl/index.php/bibliotecapucv/catalog/book/51  |y Disponible Online  
942 |c BK  |2 ddc 
945 |d 20150911 12:29:00  |a dcastane 
952 |0 0  |1 0  |3 erb  |4 0  |6 001_420000000000000_HER_2014  |7 0  |8 R  |9 470602  |a BIBGIM  |b BIBGIM  |i 5199115  |o 001.42 HER 2014  |p 5199115  |r 2025-01-15  |w 2019-11-23  |y BK_R  |z Catalogado en:20150911  |k SSL 
952 |0 0  |1 0  |3 erb  |4 0  |6 001_420000000000000_HER_2014  |7 0  |8 R  |9 470603  |a BIBGIM  |b BIBGIM  |i 5199123  |o 001.42 HER 2014  |p 5199123  |r 2025-01-15  |w 2019-11-23  |y BK_R  |z Catalogado en:20150911  |k SSL 
952 |0 0  |1 0  |3 erb  |4 0  |6 001_420000000000000_HER_2014  |7 0  |8 R  |9 470604  |a BIBGIM  |b BIBGIM  |i 5199131  |l 1  |o 001.42 HER 2014  |p 5199131  |r 2025-01-15  |s 2024-09-24  |w 2019-11-23  |y BK_R  |z Catalogado en:20150911  |k SSL 
952 |0 0  |1 0  |3 erb  |4 0  |6 001_420000000000000_HER_2014  |7 0  |8 R  |9 470605  |a BIBGIM  |b BIBGIM  |i 5241901  |l 2  |o 001.42 HER 2014  |p 5241901  |r 2025-01-15  |s 2023-06-08  |w 2019-11-23  |y BK_R  |z Catalogado en:20151009  |k SSL 
952 |0 0  |1 0  |3 erb  |4 0  |6 001_420000000000000_HER_2014  |7 0  |8 R  |9 470606  |a BIBGIM  |b BIBGIM  |i 524191K  |l 2  |o 001.42 HER 2014  |p 524191K  |r 2023-07-20  |s 2021-08-18  |w 2019-11-23  |y BK_R  |z Catalogado en:20151009  |k SSL 
952 |0 0  |1 0  |3 erb  |4 0  |6 001_420000000000000_HER_2014  |7 0  |8 R  |9 470608  |a BIBEDU  |b BIBEDU  |c MCIRC  |i 5366348  |l 4  |o 001.42 HER 2014  |p 5366348  |r 2023-08-22  |s 2023-08-21  |w 2019-11-23  |y BK_R  |z Catalogado en:20170317  |k EFI 
952 |0 0  |1 0  |2 ddc  |3 erb  |4 0  |6 001_420000000000000_HER_2014  |7 0  |8 R  |9 470609  |a BIBEDU  |b BIBEDU  |c MCIRC  |i 5366356  |l 2  |o 001.42 HER 2014  |p 5366356  |r 2023-07-31  |s 2020-08-02  |w 2019-11-23  |y BK_R  |z Catalogado en:20170317  |k EFI 
952 |0 0  |1 0  |2 ddc  |3 erb  |4 0  |6 001_420000000000000_HER_2014  |7 0  |8 A  |9 470610  |a BIBING  |b BIBING  |c RES  |i 5439116  |l 6  |m 3  |o 001.42 HER 2014  |p 5439116  |r 2025-01-20  |s 2023-08-09  |w 2019-11-23  |y BK  |z Catalogado en:20171201  |k CCI 
952 |0 0  |1 0  |2 ddc  |3 erb  |4 0  |6 001_420000000000000_HER_2014  |7 0  |8 A  |9 470611  |a BIBING  |b BIBING  |c RES  |i 5439108  |l 4  |m 2  |o 001.42 HER 2014  |p 5439108  |r 2025-01-20  |s 2024-04-22  |w 2019-11-23  |y BK  |z Catalogado en:20171201  |k CCI 
952 |0 0  |1 0  |3 erb  |4 0  |6 001_420000000000000_HER_2014  |7 0  |8 R  |9 470612  |a BIBGIM  |b BIBGIM  |i 5440793  |l 2  |o 001.42 HER 2014  |p 5440793  |r 2025-01-15  |s 2022-11-30  |w 2019-11-23  |y BK_R  |z Catalogado en:20171201  |k SSL 
952 |0 0  |1 0  |3 erb  |4 0  |6 001_420000000000000_HER_2014  |7 0  |8 R  |9 470613  |a BIBGIM  |b BIBGIM  |i 5440807  |l 1  |o 001.42 HER 2014  |p 5440807  |r 2025-01-15  |s 2022-06-30  |w 2019-11-23  |y BK_R  |z Catalogado en:20171201  |k SSL 
952 |0 0  |1 0  |3 erb  |4 0  |6 001_420000000000000_HER_2014  |7 0  |8 R  |9 470614  |a BIBGIM  |b BIBGIM  |i 5440815  |l 1  |o 001.42 HER 2014  |p 5440815  |r 2025-03-12  |s 2025-03-10  |w 2019-11-23  |y BK_R  |z Catalogado en:20171201  |k SSL 
952 |0 0  |1 0  |3 erb  |4 0  |6 001_420000000000000_HER_2014  |7 0  |8 R  |9 470615  |a BIBGIM  |b BIBGIM  |i 5440823  |l 3  |o 001.42 HER 2014  |p 5440823  |r 2025-01-15  |s 2024-10-10  |w 2019-11-23  |y BK_R  |z Catalogado en:20171201  |k SSL 
952 |0 0  |1 0  |3 erb  |4 0  |6 001_420000000000000_HER_2014  |7 0  |8 R  |9 470616  |a BIBGIM  |b BIBGIM  |i 5440831  |l 6  |o 001.42 HER 2014  |p 5440831  |r 2025-04-07  |s 2025-03-31  |w 2019-11-23  |y BK_R  |z Catalogado en:20171201  |k SSL 
952 |0 0  |1 0  |3 erb  |4 0  |6 001_420000000000000_HER_2014  |7 0  |8 A  |9 470617  |a BIBALI  |b BIBALI  |c RES  |i 5485525  |o 001.42 HER 2014  |p 5485525  |r 2025-01-20  |w 2019-11-23  |y BK_R  |z Catalogado en:20180803  |k ALI